000 01636cam a22004814i 4500
003 PE-LiUPU
005 20250731173534.0
008 150616s r 000 0 d
020 _a0801025710
035 _a(Sirsi) i9780801025716
040 _aPE-LiUPU
_bspa
_cPE-LiUPU
_erda
049 _aPRUA
082 0 4 _a261.209
_bO63
_221
100 1 _aClarke, Andrew D.,
_eautor.
245 1 0 _aOne God, One Lord: Christianity in a World of Religious Pluralism.
264 1 _aGrand Rapids, Michigan :
_bBaker Book House,
_c1992.
300 _a256 páginas ;
_c22 centímetros
336 _atext
_2rdacontent
337 _aunmediated
_2rdamedia
338 _avolume
_2rdacarrier
504 _aBibliografía al pie de las páginas.
505 0 _aRelgious pluralism in old testament times.- Religious pluralism in the early church.
526 _aSEG42
526 _aSEG41
526 _aSEG40
526 _aSEG39
526 _aP94
526 _aP87
526 _aP86
526 _aP85
526 _aP77
526 _aP76
526 _aP35
650 0 4 _aCRISTIANISMO Y OTRAS RELIGIONES - HISTORIA.
700 1 _aBruce W. Winter.
910 _ajck
_bjvq
_cjck
942 _2ddc
_cBOOK
949 _a261.209 O63
_wDEWEY
_c1
_i42358
_lCCODEBUL1
_mBUL
_r0
_sY
_tBOOK
_u2015-6-16
_xTEOLOGIA
_zUNKNOWN
_0COMPRA
_o.STAFF. Colección General
994 _aC0
_bPEPRU
596 _a1
999 _a261.209 O63
_wDEWEY
_c60192
_i42358
_f2021-11-10
_g5
_lCCODEBUL1
_mBUL
_r0
_sY
_tBOOK
_u2015-6-16
_xTEOLOGIA
_zUNKNOWN
_0COMPRA
_o.STAFF. Colección General
_d60192
980 _81
_gALBERTO SANCHEZ Responsable de Automatización